000 00668nam a2200205Ia 4500
003 GCL
008 140319s9999 xx 000 0 ara d
040 _aGCL /
_cGCL
082 0 4 _a371.207
_bم ت
100 1 _aمحمد سيف الدين فهمى
245 1 0 _aالتخطيط التعليمى:اسسه, واساليبه, ومشكلاته /
_cمحمد سيف الدين فهمى
260 _a[S.N] :
_bمكتبة الانجلوالمصرية ،
_c1990
300 _a357 ص
490 _a
650 0 4 _aالتعليم
650 0 4 _aالتخطيط التربوى
650 0 4 _aالجوانب الاقتصادية
650 0 4 _aالتمويل
942 _2ddc
_cBK
999 _c55395
_d55395